| 000 | 00583npm a2200217 i 4500 | ||
|---|---|---|---|
| 001 | 5365 | ||
| 003 | ES-MaACL | ||
| 005 | 20230908124722.0 | ||
| 007 | hzrazu bucu | ||
| 008 | 900508m1990 sp b s00000 spa d | ||
| 080 | _a35(46)(05)(464.1)BOE | ||
| 080 | _a05(46) | ||
| 245 | 0 | 0 |
_aBoletÃn Oficial del Estado _b: [Microforma]. |
| 260 |
_aMadrid : _bBOE, _c1990- |
||
| 300 |
_amicrofichas : _bnegativo. |
||
| 740 | 0 | _aBOE. | |
| 852 |
_aES-MaACL _95482 _jMCF-67 _cDEPO1 |
||
| 942 |
_2udc _cMICROFORMA |
||
| 999 |
_c5365 _d5365 |
||